[Event "Reykjavik Open 2026"]
[Site "Reykjavik"]
[Date "2026.03.30"]
[Round "8.121"]
[White "Niori, Toma"]
[Black "Scotti, Martin"]
[Result "1/2-1/2"]
[WhiteElo "1639"]
[WhiteFideId "7006519"]
[BlackElo "1943"]
[BlackFideId "551035065"]
[Variant "Standard"]

1. e4 c5 2. Nf3 d6 3. d4 cxd4 4. Nxd4 Nf6 5. Nc3 a6 6. Be2 e5 7. Nf3 Be7 8. Bg5 Be6 9. Bxf6 Bxf6 10. O-O O-O 11. Nd5 Nd7 12. Bc4 Rc8 13. Bb3 g6 14. Nxf6+ Nxf6 15. Re1 Qc7 16. c3 Rcd8 17. Qc2 b5 18. Rad1 Bc8 19. Qc1 Kg7 20. h3 Nh5 21. Bc2 Nf4 22. g3 Nxh3+ 23. Kg2 Qa7 24. Qe3 Qxe3 25. Rxe3 h6 26. Red3 f6 27. Rxd6 Rxd6 28. Rxd6 Kf7 29. Rc6 Ng5 30. Nxg5+ fxg5 31. a4 h5 32. axb5 axb5 33. Bd1 h4 34. g4 Be6 35. Rc5 Rd8 36. Bf3 Rd2 37. Rxb5 Kf6 38. Rb7 Bc4 39. b3 Rb2 40. b4 Rb3 41. Rc7 Bd3 42. Rc6+ Kf7 43. Rc7+ Kf6 1/2-1/2

[Event "Reykjavik Open 2026"]
[Site "Reykjavik"]
[Date "2026.03.30"]
[Round "8.122"]
[White "Dunn, Maxim"]
[Black "Lervik, Anders"]
[Result "1-0"]
[WhiteElo "1941"]
[WhiteFideId "456551"]
[BlackElo "1640"]
[BlackFideId "1567870"]
[Variant "Standard"]

1. d4 d5 2. c4 dxc4 3. Nf3 Nf6 4. e3 b5 5. a4 b4 6. Bxc4 e6 7. O-O Be7 8. Qe2 Bb7 9. Nbd2 O-O 10. Rd1 a5 11. e4 Nbd7 12. e5 Nd5 13. Ne4 h6 14. Bd3 Qb8 15. Bb1 Rc8 16. Qc2 Nf8 17. Nc5 Bxc5 18. dxc5 Ne7 19. Nd4 c6 20. f4 Rd8 21. Nb3 Qc7 22. Nd2 Qd7 23. Rf1 Ba6 24. Rf2 Bd3 25. Qxd3 Qxd3 26. Bxd3 Rxd3 27. Nc4 Nf5 28. g4 Nd4 29. Be3 Nb3 30. Re1 Rad8 31. Nd6 Nd7 32. Rc2 Nd4 33. Bxd4 Rxd4 34. Re4 Rxe4 35. Nxe4 Nf8 36. Nd6 Ng6 37. Rc4 Ne7 38. Kf2 Nd5 39. Kf3 Kf8 40. Rc1 Nc7 41. h4 Ke7 42. Ke4 Nd5 43. h5 f6 44. Rf1 Nc7 45. Rf2 Nd5 46. f5 fxe5 47. Kxe5 Nf6 48. Rg2 Nd7+ 49. Kd4 e5+ 50. Kc4 Kf6 51. Ne4+ Kf7 52. Rd2 Ke7 53. Nd6 Nf6 54. Rg2 Nd5 55. Rg3 Nf6 56. Rg1 Nd5 57. g5 hxg5 58. Rxg5 Kf6 59. Rg6+ Ke7 60. Rxg7+ Kf6 61. Rg6+ Ke7 62. h6 Rh8 63. Re6+ Kd7 64. Rg6 e4 65. Rg7+ 1-0

[Event "Reykjavik Open 2026"]
[Site "Reykjavik"]
[Date "2026.03.30"]
[Round "8.124"]
[White "Delpech, Anthony"]
[Black "De Hart, Arthur"]
[Result "1-0"]
[WhiteElo "1927"]
[WhiteFideId "36021245"]
[BlackElo "1611"]
[BlackFideId "1044192"]
[Variant "Standard"]

1. e4 c6 2. d4 d5 3. e5 Bf5 4. Nf3 e6 5. Be2 c5 6. c3 Nc6 7. O-O cxd4 8. cxd4 Nge7 9. Nc3 Nc8 10. Be3 Be7 11. a3 Nb6 12. b4 O-O 13. Rc1 Rc8 14. Re1 h6 15. h3 Bg6 16. Qd2 Kh7 17. Nh2 Qd7 18. Ng4 h5 19. Nh2 a6 20. Qd1 h4 21. Bh5 Nc4 22. Bxg6+ fxg6 23. Qg4 Rf5 24. Nf3 Nxe3 25. fxe3 Rcf8 26. e4 Rf4 27. Ng5+ Bxg5 28. Qxg5 dxe4 29. Ne2 R8f5 30. Qxf4 Rxf4 31. Nxf4 Qxd4+ 32. Kh1 Qxe5 33. Nd3 Qd5 34. Nc5 g5 35. Nxe4 b6 36. Nxg5+ Qxg5 37. Rxc6 e5 38. Re6 Qg3 39. R6xe5 a5 40. bxa5 bxa5 41. R1e3 Qf4 42. R5e4 Qf2 43. Rf3 Qb6 44. Rxh4+ Kg8 45. Rg4 g6 46. Rfg3 Kh7 47. Rxg6 1-0

[Event "Reykjavik Open 2026"]
[Site "Reykjavik"]
[Date "2026.03.30"]
[Round "8.125"]
[White "Heidarsson, Mikael Bjarki"]
[Black "Horie, Ryosuke"]
[Result "1-0"]
[WhiteElo "1925"]
[WhiteFideId "2317532"]
[BlackElo "1533"]
[BlackFideId "7006438"]
[Variant "Standard"]

1. d4 d5 2. Bf4 Bf5 3. c4 e6 4. Nc3 Nf6 5. Qb3 Qc8 6. cxd5 exd5 7. Nxd5 Nxd5 8. Qxd5 Bb4+ 9. Kd1 Nc6 10. a3 Ba5 11. Rc1 O-O 12. Rxc6 bxc6 13. Qxa5 Qe6 14. Qc3 Qa2 15. Bc1 Rab8 16. e3 Rb6 17. Bc4 Qb1 18. Nf3 Rfb8 19. b3 Rxb3 20. Bxb3 Rxb3 21. Qxc6 h6 22. Nd2 Qd3 23. e4 Rc3 24. Qxc3 Qxc3 25. exf5 Qxd4 26. f3 Qf2 27. g4 Qg2 28. Re1 Qxh2 29. Bb2 c5 30. Re4 Qd6 31. Kc2 a6 32. Rc4 Qc6 33. Ne4 Qd5 34. Rxc5 Qb7 35. Rc3 Qb8 36. f6 g6 37. Kb1 Qh2 38. Rd3 Qh1+ 39. Kc2 Qg2+ 40. Nd2 Qf2 41. Bd4 Qg3 42. Ne4 Qc7+ 43. Bc5 Qh2+ 44. Nd2 Qe5 45. Be7 Qc7+ 46. Rc3 Qd7 47. Ne4 Qa4+ 48. Kd2 Qd4+ 49. Ke2 Qg1 50. Rc8+ Kh7 51. Rf8 Qh2+ 52. Kd3 Qc7 53. Rxf7+ Kh8 54. Rf8+ Kh7 55. Rd8 Qb7 56. Ke2 Qb2+ 57. Rd2 Qb5+ 58. Kf2 Qb7 59. Kg2 Qc7 60. Bc5 Kg8 61. Re2 Kf7 62. Nd6+ Kg8 63. Re8+ Kh7 64. Re7+ 1-0

[Event "Reykjavik Open 2026"]
[Site "Reykjavik"]
[Date "2026.03.30"]
[Round "8.128"]
[White "Estevez Sacristan, Deva"]
[Black "Dillenschneider, Antoine"]
[Result "1-0"]
[WhiteElo "2001"]
[WhiteFideId "32041101"]
[BlackElo "1787"]
[BlackFideId "527032787"]
[Variant "Standard"]

1. e4 c6 2. d4 d5 3. e5 Bf5 4. Nf3 e6 5. Be2 c5 6. O-O Nc6 7. c3 cxd4 8. cxd4 Nge7 9. Nc3 a6 10. Be3 Bg4 11. Ne1 Bxe2 12. Qxe2 Nf5 13. Nf3 Be7 14. Rac1 O-O 15. Na4 Nxe3 16. Qxe3 Rc8 17. Nd2 Qa5 18. Nc3 Bb4 19. a3 Bxc3 20. Rxc3 Qb6 21. Rfc1 Ne7 22. Nb3 h6 23. Nc5 Qa7 24. Qd3 Rc6 25. g4 Rfc8 26. h3 Ng6 27. Qe3 b6 28. Nb3 Qb7 29. Nd2 R8c7 30. f4 Rxc3 31. bxc3 Ne7 32. Qd3 Qc8 33. Kg2 Ng6 34. Qe3 Qf8 35. Ra1 Qc8 36. Rc1 Qf8 37. c4 Qc8 38. c5 bxc5 39. dxc5 Qb7 40. Qd4 Qb5 41. Kf2 Nf8 42. a4 Qb7 43. Qc3 Rc6 44. Nb3 Qe7 45. Nd4 Rc8 46. c6 Ng6 47. Ne2 Qc7 48. Qb4 Rb8 49. Qd6 Qa7+ 50. Rc5 Kh7 51. c7 Rc8 52. a5 Nh4 53. Qb6 Qa8 54. Nd4 Ng6 55. Nc6 Nxf4 56. Ke3 g5 57. Qb1+ Kg7 58. Ne7 Rxc7 59. Rxc7 Qd8 60. Qb7 d4+ 61. Kd2 Qe8 62. Nc8 Qf8 63. Nd6 1-0

[Event "Reykjavik Open 2026"]
[Site "Reykjavik"]
[Date "2026.03.30"]
[Round "8.129"]
[White "Jensen, Stein"]
[Black "Chidichimo, Pedro Jose Maria"]
[Result "1-0"]
[WhiteElo "1982"]
[WhiteFideId "1500724"]
[BlackElo "1786"]
[BlackFideId "24545252"]
[Variant "Standard"]

1. c4 e6 2. Nf3 d5 3. b3 Nf6 4. Bb2 Bd6 5. Qc2 O-O 6. d4 Nbd7 7. Nbd2 c5 8. e3 b6 9. cxd5 exd5 10. Be2 Bb7 11. Rc1 Rc8 12. Qb1 Qe7 13. O-O Ne4 14. Nxe4 dxe4 15. Nd2 cxd4 16. Bxd4 Bb4 17. Nc4 b5 18. Nb2 a6 19. Rxc8 Rxc8 20. Rc1 Bc5 21. Bxc5 Rxc5 22. a4 Nb6 23. axb5 axb5 24. Nd1 Qc7 25. Rxc5 Qxc5 26. b4 Qc6 27. Qb2 h6 28. Qe5 Nc4 29. Qd4 Qd5 30. Nc3 Qxd4 31. exd4 Bc6 32. Bxc4 bxc4 33. Kf1 Kf8 34. Ke2 f5 35. Ke3 g5 36. d5 Bb7 37. Kd4 Ke7 38. Kxc4 Kd6 39. Kd4 Ba6 40. b5 Bb7 41. g3 Bc8 42. b6 Bd7 43. Nd1 Bc8 44. Ne3 f4 45. Nc4+ 1-0

[Event "Reykjavik Open 2026"]
[Site "Reykjavik"]
[Date "2026.03.30"]
[Round "8.130"]
[White "Olafsson, Olafur Orn"]
[Black "Heppert, Lars"]
[Result "1/2-1/2"]
[WhiteElo "1764"]
[WhiteFideId "2312042"]
[BlackElo "1975"]
[BlackFideId "24668575"]
[Variant "Standard"]

1. d4 Nf6 2. c4 e6 3. Nc3 Bb4 4. e3 O-O 5. Bd3 Re8 6. Nf3 d6 7. O-O e5 8. Be2 e4 9. Nd2 Bxc3 10. bxc3 c5 11. a4 Nc6 12. Ba3 b6 13. Qc2 Qe7 14. Rae1 Ba6 15. Nb3 Rac8 16. h3 cxd4 17. cxd4 Qd7 18. Qa2 Ne7 19. c5 Bxe2 20. Rxe2 Ned5 21. Bb2 dxc5 22. dxc5 bxc5 23. Rd1 Qe6 24. Bxf6 Nxf6 25. Red2 Qe7 26. Na5 Kf8 27. Nc4 Red8 28. Nd6 Rc6 29. Nxe4 Rxd2 30. Nxd2 Qd7 31. Qc2 c4 32. Nf3 Qc7 33. Nd4 Rc5 1/2-1/2

[Event "Reykjavik Open 2026"]
[Site "Reykjavik"]
[Date "2026.03.30"]
[Round "8.131"]
[White "Bock, Dan"]
[Black "Rodsmoen, Maud"]
[Result "1-0"]
[WhiteElo "1751"]
[WhiteFideId "39915433"]
[BlackElo "1950"]
[BlackFideId "1510550"]
[Variant "Standard"]

1. e4 c5 2. Nf3 e6 3. d4 cxd4 4. Nxd4 Nc6 5. Nc3 Qc7 6. Be3 a6 7. Qd2 Nf6 8. O-O-O Be7 9. f3 b5 10. Kb1 Bb7 11. g4 h6 12. h4 b4 13. Nce2 d5 14. Nxc6 Bxc6 15. e5 Nd7 16. Bf4 Nxe5 17. Nd4 Bd7 18. Qe2 Bd6 19. Re1 Nc4 20. Bxd6 Qxd6 21. Nf5 Qf8 22. Qh2 Bb5 23. Bxc4 Bxc4 24. Nd6+ Kd7 25. Nxc4 dxc4 26. Qf4 Rc8 27. Rd1+ Ke8 28. Rd6 Qe7 29. h5 e5 30. Qf5 Rd8 31. Rxd8+ Kxd8 32. Qe4 Qc7 33. Qa8+ Qc8 34. Rd1+ Ke7 35. Qa7+ Ke8 36. Re1 c3 37. Rxe5+ Kf8 38. Qe7+ Kg8 39. Qxb4 Qd8 40. Re1 cxb2 41. Qe4 Qa5 42. Rd1 Qb6 43. Rd7 a5 44. Re7 Qg1+ 45. Kxb2 Qb6+ 46. Kc3 Qc5+ 47. Kd3 Qb5+ 48. Ke3 Kf8 49. Rb7 Qc5+ 50. Ke2 Qd6 51. f4 Rg8 52. c4 g6 53. Qe5 Qxe5+ 54. fxe5 Kg7 55. e6 Kf6 56. exf7 Rf8 57. Ke3 gxh5 58. gxh5 Kg5 59. Ke4 Kxh5 60. Kf5 Rc8 61. Kf6 Rxc4 62. Rb5+ Kg4 63. Kg7 Rc7 64. Kg8 Rxf7 65. Kxf7 h5 66. Rxa5 h4 67. Ra8 h3 68. Rh8 Kg3 69. a4 h2 70. a5 1-0

[Event "Reykjavik Open 2026"]
[Site "Reykjavik"]
[Date "2026.03.30"]
[Round "8.132"]
[White "Gayon, Benoit"]
[Black "Daddario, Aayush"]
[Result "1/2-1/2"]
[WhiteElo "1947"]
[WhiteFideId "632040"]
[BlackElo "1775"]
[BlackFideId "39988287"]
[Variant "Standard"]

1. e4 c6 2. d4 d5 3. e5 Bf5 4. h4 h5 5. Bd3 Bxd3 6. Qxd3 e6 7. Nf3 Ne7 8. Bg5 Qc7 9. O-O Nf5 10. Nbd2 Be7 11. g3 O-O 12. Nb3 Na6 13. Qe2 c5 14. c3 Rab8 15. Bxe7 Qxe7 16. Ng5 g6 17. Kg2 Kg7 18. f3 c4 19. Nc1 Rbc8 20. Qf2 Rh8 21. Ne2 b5 22. Rh1 Nh6 23. Raf1 Rc7 24. Nf4 b4 25. Qc2 Nf5 26. Kf2 bxc3 27. bxc3 Rb7 28. Rb1 Rhb8 29. Rxb7 Qxb7 30. g4 Qb2 31. Rc1 hxg4 32. fxg4 Nxd4 33. cxd4 Qxd4+ 34. Kg3 Qe3+ 35. Nf3 Nb4 36. Nh3 Nd3 37. Rb1 Nxe5 38. Ng5 Nxf3 39. Nxf3 Rxb1 40. Qxb1 c3 41. Qe1 Qc5 42. Qe5+ f6 43. Nd4 Qe7 44. Qxe6 Qc7+ 45. Kf3 c2 46. Nxc2 Qxc2 47. Qe7+ Kg8 48. Qd8+ Kg7 49. Qe7+ Kg8 50. Qe8+ Kg7 51. Qe7+ Kg8 52. Qe8+ Kg7 1/2-1/2

[Event "Reykjavik Open 2026"]
[Site "Reykjavik"]
[Date "2026.03.30"]
[Round "8.133"]
[White "Gillmeister, Robin"]
[Black "Eiriksson, Theodor"]
[Result "0-1"]
[WhiteElo "1939"]
[WhiteFideId "24684414"]
[BlackElo "1761"]
[BlackFideId "2322277"]
[Variant "Standard"]

1. e4 d5 2. exd5 Qxd5 3. Nc3 Qd6 4. d4 Nf6 5. g3 c6 6. Nf3 Bg4 7. Bg2 e6 8. O-O Nbd7 9. Bf4 Qb4 10. a3 Qa5 11. b4 Qh5 12. Re1 Be7 13. Qd3 Qg6 14. Qd2 Bxf3 15. Bxf3 Nb6 16. Ne2 Nfd5 17. Qd1 h5 18. Bc1 h4 19. Nf4 Nxf4 20. Bxf4 hxg3 21. fxg3 Bg5 22. Bxg5 Qxg5 23. Qe2 a6 24. c4 Rd8 25. Red1 Qf6 26. d5 cxd5 27. cxd5 Nxd5 28. Rac1 O-O 29. Rd3 Nf4 30. gxf4 Qg6+ 31. Kf2 Qxd3 32. Bxb7 Qxa3 33. Bxa6 Qxc1 0-1

[Event "Reykjavik Open 2026"]
[Site "Reykjavik"]
[Date "2026.03.30"]
[Round "8.134"]
[White "Catapano, Alberto Pasquale"]
[Black "Erdogan, Ata Artun"]
[Result "1-0"]
[WhiteElo "1922"]
[WhiteFideId "2856161"]
[BlackElo "1731"]
[BlackFideId "39932230"]
[Variant "Standard"]

1. d4 d5 2. c4 c6 3. Nf3 Nf6 4. Nc3 dxc4 5. a4 Bf5 6. e3 e6 7. Bxc4 Bb4 8. O-O Nbd7 9. Na2 Bd6 10. b4 O-O 11. Bb2 Qe7 12. Be2 Ne4 13. b5 cxb5 14. axb5 Rac8 15. Rc1 Ba3 16. Qb3 Bxb2 17. Qxb2 Nb6 18. Ne5 Na4 19. Qb3 Nd2 20. Qxa4 Nxf1 21. Bxf1 Rxc1 22. Nxc1 Qc7 23. Nc4 Be4 24. Nb3 b6 25. Nbd2 Ba8 26. h3 f5 27. Qd1 f4 28. Qg4 Bd5 29. e4 Bxc4 30. Bxc4 Rf6 31. e5 Rg6 32. Qxf4 Qb7 33. Qe4 Qc8 34. Qc6 Qd8 35. Nf3 h5 36. Bd3 Rh6 37. h4 1-0

[Event "Reykjavik Open 2026"]
[Site "Reykjavik"]
[Date "2026.03.30"]
[Round "8.135"]
[White "Tinkler, Paul"]
[Black "Gilsson, Asmund"]
[Result "1-0"]
[WhiteElo "1897"]
[WhiteFideId "30961289"]
[BlackElo "1727"]
[BlackFideId "1541242"]
[Variant "Standard"]

1. e4 g6 2. d4 Bg7 3. Nf3 d6 4. Nc3 a6 5. Be3 Nf6 6. a4 O-O 7. h3 Nc6 8. d5 Nb8 9. Bc4 Nbd7 10. Bd4 b6 11. O-O Bb7 12. Re1 Re8 13. e5 dxe5 14. Nxe5 Nxe5 15. Bxe5 Qd7 16. Qd4 c5 17. Qd3 Nh5 18. Qe3 Nf6 19. Rad1 Qf5 20. Rd2 Bc8 21. Bc7 Nd7 22. Qe4 Qxe4 23. Rxe4 Bb7 24. Ree2 Rac8 25. Bf4 Bd4 26. Nd1 Nf8 27. c3 Bg7 28. Ne3 h6 29. Ng4 g5 30. Be5 Ng6 31. Bg3 Kh8 32. d6 exd6 33. Bxd6 Nh4 34. Bxf7 Rxe2 35. Rxe2 Rd8 36. Re8+ Rxe8 37. Bxe8 Bxg2 38. Kh2 Bf1 39. Ne5 Kh7 40. Nd7 b5 41. Nxc5 Nf3+ 42. Kg3 Nd2 43. axb5 axb5 44. Bf7 Be2 45. Bd5 Bc4 46. Bc6 Be2 47. Ne4 Nb3 48. f3 Na5 49. Bd5 Nc4 50. Bxc4 Bxc4 51. Kf2 Kg6 52. Ke3 Bf1 53. Nf2 Kf5 54. Bc5 Bf6 55. Bd4 Bc4 56. Bxf6 Kxf6 57. Ng4+ Kg7 58. f4 gxf4+ 59. Kxf4 h5 60. Ne5 Kf6 61. Nxc4 bxc4 62. h4 Kg6 63. Ke5 Kg7 64. Kf5 Kh6 65. Kf6 Kh7 66. Kg5 Kg7 67. Kxh5 Kh7 68. Kg5 1-0

[Event "Reykjavik Open 2026"]
[Site "Reykjavik"]
[Date "2026.03.30"]
[Round "8.136"]
[White "Tivoly, Jean-Francois"]
[Black "Paricharak, Shardul"]
[Result "1/2-1/2"]
[WhiteElo "1743"]
[WhiteFideId "652024032"]
[BlackElo "1895"]
[BlackFideId "7500432"]
[Variant "Standard"]

1. e4 e5 2. Nf3 Nc6 3. d4 exd4 4. Nxd4 Bc5 5. Nb3 Bb6 6. Nc3 Nf6 7. Qe2 a5 8. a4 Nd4 9. Nxd4 Bxd4 10. Nb5 Bb6 11. Bg5 O-O 12. O-O-O Re8 13. f3 d6 14. Qd2 Bd7 15. Nc3 Bc6 16. Kb1 Qd7 17. Bxf6 gxf6 18. Bb5 Bxb5 19. Nxb5 Bc5 20. g4 Re6 21. Qc3 Qe7 22. h4 c6 23. Nd4 Bxd4 24. Qxd4 Rd8 25. g5 Re5 26. gxf6 Qxf6 27. Rhg1+ Kh8 28. Rg5 Re6 29. e5 c5 30. Qd5 Qe7 31. f4 f6 32. Rg2 fxe5 33. fxe5 Rxe5 34. Qd2 b6 35. h5 Rxh5 36. Qc3+ Qe5 37. Qb3 d5 38. Rdg1 Qf6 39. Qg3 Qf7 40. Qd3 Rf5 41. b3 Rf3 42. Qb5 Rf8 43. Qxb6 c4 44. Rg5 Rf1+ 45. Ka2 cxb3+ 46. Qxb3 Rf3 47. Qxd5 Rc8 48. Qxf7 1/2-1/2

[Event "Reykjavik Open 2026"]
[Site "Reykjavik"]
[Date "2026.03.30"]
[Round "8.137"]
[White "Ernisson, Petur Ulfar"]
[Black "Laureano, Dereck"]
[Result "0-1"]
[WhiteElo "1738"]
[WhiteFideId "2326116"]
[BlackElo "1891"]
[BlackFideId "2076926"]
[Variant "Standard"]

1. e4 c5 2. Nf3 d6 3. d4 cxd4 4. Nxd4 Nf6 5. Nc3 Nc6 6. Bg5 Bd7 7. Qd2 Nxd4 8. Qxd4 Qa5 9. Bxf6 gxf6 10. Be2 Rc8 11. O-O Rg8 12. Nd5 Qc5 13. Qxc5 Rxc5 14. c4 Bg7 15. b4 Rc8 16. Rab1 f5 17. exf5 Bxf5 18. Rb3 Be6 19. Rg3 b5 20. Bg4 Bxg4 21. Rxg4 Rxc4 22. Rg3 Kf8 23. Ra3 Bd4 24. g3 e6 25. Ne3 Rc6 26. Rd1 Bb6 27. Kg2 Ke7 28. Re1 Kf6 29. h3 Rgc8 30. Ng4+ Kg7 31. Rd3 h5 32. Ne3 d5 33. g4 h4 34. Nd1 Rc2 35. Re5 Kg6 36. Rh5 Rxa2 37. Rxh4 Rcc2 38. Rf3 Rd2 39. Rh8 Kg7 40. Re8 Rxd1 41. Re7 Rxf2+ 42. Rxf2 Bxf2 43. Kxf2 Rb1 44. Rxa7 Rxb4 45. Rb7 Rb3 46. h4 Kf6 47. h5 b4 48. Rb8 Rb2+ 49. Kg3 b3 50. Rg8 Rb1 51. h6 Rh1 52. Kg2 b2 53. g5+ Kf5 54. Kxh1 b1=Q+ 55. Kg2 Kf4 56. Rg7 Qc2+ 57. Kf1 f5 58. Ra7 Qd1+ 59. Kg2 Qe2+ 60. Kh1 Qf1+ 0-1

[Event "Reykjavik Open 2026"]
[Site "Reykjavik"]
[Date "2026.03.30"]
[Round "8.138"]
[White "Montalti, Gianluca"]
[Black "Spagnoli, Benjamin"]
[Result "0-1"]
[WhiteElo "1737"]
[WhiteFideId "39900169"]
[BlackElo "1890"]
[BlackFideId "20667116"]
[Variant "Standard"]

1. e4 c6 2. d4 d5 3. exd5 cxd5 4. c4 Nf6 5. Nc3 g6 6. cxd5 Bg7 7. Bb5+ Nbd7 8. Nf3 O-O 9. Bxd7 Qxd7 10. Qb3 Rd8 11. Ne5 Qe8 12. O-O e6 13. Bg5 exd5 14. Bxf6 Bxf6 15. Nxd5 Bxe5 16. Rfe1 Bxh2+ 17. Kxh2 Qf8 18. Nf6+ Kg7 19. d5 Qd6+ 20. g3 Qxf6 21. f3 b6 22. Re3 Bb7 23. Rd1 Re8 24. Rc3 Re2+ 25. Kg1 Qe5 26. f4 Re1+ 27. Rxe1 Qxe1+ 28. Kh2 Qd2+ 29. Kh3 Bxd5 30. Rd3 Qg2+ 0-1

[Event "Reykjavik Open 2026"]
[Site "Reykjavik"]
[Date "2026.03.30"]
[Round "8.139"]
[White "Gulyas, Adam Ferenc"]
[Black "Knight, David"]
[Result "1-0"]
[WhiteElo "1705"]
[WhiteFideId "2330059"]
[BlackElo "1888"]
[BlackFideId "1040839"]
[Variant "Standard"]

1. e4 Nc6 2. Nf3 e5 3. Bc4 Nf6 4. Ng5 Bc5 5. Nxf7 Bxf2+ 6. Kxf2 Nxe4+ 7. Ke3 Qe7 8. Nxh8 Qg5+ 9. Kxe4 d5+ 10. Kd3 e4+ 11. Kc3 Qe5+ 12. d4 exd3+ 13. Kd2 Qg5+ 14. Ke1 Qxg2 15. Qh5+ g6 16. Bxd5 Qxh1+ 17. Bxh1 gxh5 18. Bxc6+ bxc6 19. cxd3 Bf5 20. Bf4 Bxd3 21. Kd2 Bxb1 22. Rxb1 O-O-O+ 23. Kc3 Rxh8 24. Rd1 Re8 25. Rd3 Re2 26. Rd2 Re4 27. Rd4 Re2 28. Bg3 a6 29. Rh4 Kb7 30. Rxh5 Re7 31. Re5 Rd7 32. Bh4 Rg7 33. Re7 Rg2 34. Bg3 h5 35. Rxc7+ Kb6 36. Rh7 1-0

[Event "Reykjavik Open 2026"]
[Site "Reykjavik"]
[Date "2026.03.30"]
[Round "8.140"]
[White "Renaud, Jacques"]
[Black "Murphy, Dara"]
[Result "1-0"]
[WhiteElo "1704"]
[WhiteFideId "651088797"]
[BlackElo "1888"]
[BlackFideId "2501783"]
[Variant "Standard"]

1. e4 c5 2. c3 d5 3. exd5 Qxd5 4. d4 Nf6 5. Nf3 Bg4 6. Nbd2 e6 7. Qa4+ Nc6 8. Bc4 Qd7 9. Bb5 Rc8 10. Ne5 Qc7 11. Ndc4 a6 12. Bxc6+ bxc6 13. Bf4 Nh5 14. Be3 Bf5 15. g4 f6 16. gxf5 fxe5 17. dxe5 exf5 18. O-O-O f4 19. Nd6+ Bxd6 20. exd6 Qd7 21. Qe4+ Kf7 22. Qc4+ Qe6 23. Qxe6+ Kxe6 24. Bxc5 Kd7 25. Rhe1 Rhe8 26. Re7+ Rxe7 27. dxe7+ Ke8 28. Rd4 g5 29. Rd6 Ng7 30. Rh6 Kf7 31. Rxh7 Kg6 32. Rh3 Ne6 33. Bd6 c5 34. Rd3 Kf5 35. Rd5+ Kg4 36. Re5 Ng7 37. h3+ Kf3 38. Rxg5 Ne8 39. Bxc5 Rxc5 40. Rxc5 Kxf2 41. Kd2 Nd6 42. Rd5 Ne4+ 43. Kd3 Nf6 44. Rf5 1-0

[Event "Reykjavik Open 2026"]
[Site "Reykjavik"]
[Date "2026.03.30"]
[Round "8.141"]
[White "Jorgensen, Peter"]
[Black "Magnusdottir, Veronika Steinunn"]
[Result "0-1"]
[WhiteElo "1862"]
[WhiteFideId "1482556"]
[BlackElo "1711"]
[BlackFideId "2309114"]
[Variant "Standard"]

1. e4 c5 2. d4 cxd4 3. c3 d3 4. Bxd3 Nc6 5. Nf3 Qc7 6. O-O e6 7. Re1 Bd6 8. h3 Nf6 9. Be3 a6 10. Nbd2 b5 11. Rc1 Bb7 12. c4 b4 13. c5 Bf4 14. Nc4 O-O 15. Bxf4 Qxf4 16. Nd6 Rfb8 17. Bb1 Ne5 18. Nxe5 Qxe5 19. Qd3 g6 20. Nxb7 Rxb7 21. c6 Rc7 22. cxd7 Rxd7 23. Qe2 Rad8 24. Qxa6 Rd2 25. Qb6 Qxb2 26. Rc2 Qd4 27. Qxd4 R2xd4 28. Rce2 e5 29. Bc2 Kf8 30. Bb3 Rd2 31. f3 Nh5 32. Bd5 Rxe2 33. Rxe2 Nf4 34. Rd2 Nxd5 35. exd5 Ke7 36. Rb2 Rb8 37. Rb3 Kd6 38. a3 Kxd5 39. axb4 Kc4 40. Re3 Re8 41. Re4+ Kd5 42. Rh4 h5 43. g4 hxg4 44. hxg4 f5 45. gxf5 gxf5 46. f4 e4 47. Rh5 Rf8 48. Kf2 Kc4 49. Rh7 Kxb4 50. Rd7 Rc8 51. Ke3 Rc3+ 52. Ke2 Rf3 53. Rc7 Rxf4 54. Ke3 Rf1 55. Rc8 Rf3+ 56. Kd4 Kb3 57. Rc7 Kb2 58. Rc8 e3 59. Kd3 f4 60. Rc2+ Kb1 61. Rc4 Rf2 62. Re4 Rd2+ 63. Kc3 Rd1 64. Rxf4 e2 65. Rb4+ Kc1 66. Kb3 e1=Q 67. Rc4+ Kb1 68. Ka3 Rd3+ 0-1

[Event "Reykjavik Open 2026"]
[Site "Reykjavik"]
[Date "2026.03.30"]
[Round "8.142"]
[White "Isleifsson, Runar"]
[Black "Han, Eva"]
[Result "1-0"]
[WhiteElo "1860"]
[WhiteFideId "2305917"]
[BlackElo "1710"]
[BlackFideId "343095824"]
[Variant "Standard"]

1. e4 e6 2. d4 d5 3. exd5 exd5 4. Nc3 Nf6 5. Nf3 Be6 6. Bg5 h6 7. Bh4 Be7 8. Bd3 Nc6 9. a3 a6 10. b4 O-O 11. O-O Nh7 12. Bxe7 Qxe7 13. Re1 Qf6 14. Ne5 Nxe5 15. Bxh7+ Kxh7 16. Rxe5 Rad8 17. Qd3+ Kg8 18. Rae1 Rd6 19. Na4 Bd7 20. Nc5 Bb5 21. Qe3 b6 22. Nd3 Rc6 23. Qd2 Qh4 24. Nf4 Rc4 25. c3 c5 26. g3 Qf6 27. Nxd5 Qd8 28. Ne3 f6 29. Re6 cxb4 30. axb4 Rc6 31. Rxc6 Bxc6 32. d5 Rf7 33. c4 Rd7 34. Rd1 Ba4 35. Ra1 b5 36. c5 Bb3 37. d6 Qc8 38. Nd5 Bxd5 39. Qxd5+ Kf8 40. c6 Ra7 41. d7 Qd8 42. Qc5+ Kf7 43. Qxa7 f5 44. Qc5 Qf6 45. Rc1 1-0

[Event "Reykjavik Open 2026"]
[Site "Reykjavik"]
[Date "2026.03.30"]
[Round "8.143"]
[White "Gultekin, Ece"]
[Black "Texe, Eirik"]
[Result "0-1"]
[WhiteElo "1684"]
[WhiteFideId "1772945"]
[BlackElo "1846"]
[BlackFideId "1569481"]
[Variant "Standard"]

1. e4 e5 2. Nf3 Nc6 3. Bc4 Nf6 4. d3 Be7 5. Nc3 d6 6. h3 O-O 7. Be3 Na5 8. Bb3 Nxb3 9. axb3 c5 10. g4 Be6 11. g5 Ne8 12. h4 d5 13. exd5 Bxd5 14. Nxd5 Qxd5 15. h5 Nd6 16. h6 g6 17. Qe2 Nf5 18. O-O-O Rfe8 19. Nh2 Nd4 20. Bxd4 exd4 21. Qf3 Bxg5+ 22. Kb1 Qxf3 23. Nxf3 Bf6 24. Nd2 Re6 25. Ne4 b6 26. Rde1 Kf8 27. Re2 Rae8 28. f4 Bd8 29. Rf2 f5 30. Ng5 Re1+ 31. Rxe1 Rxe1+ 32. Ka2 Bxg5 33. fxg5 Ke7 34. b4 Kd6 35. Kb3 Kd5 36. bxc5 Kxc5 37. c3 Re3 38. Kc2 a5 39. Kd2 Re7 40. Rf4 dxc3+ 41. bxc3 b5 42. Rf1 b4 43. c4 a4 44. Rc1 a3 45. Rb1 a2 46. Ra1 Ra7 47. Kc2 f4 48. Kd2 Kd4 49. Kc2 f3 50. Kb3 Kc5 51. Kb2 Ra3 52. Kc2 Kd4 53. Kb2 Rxd3 54. Rc1 f2 55. Kxa2 Rf3 56. Rf1 Kxc4 57. Kb2 Kd3 58. Rd1+ Ke2 59. Rd7 f1=Q 60. Rxh7 Rc3 61. Re7+ Kd3 62. Rd7+ Ke4 63. Ka2 Qa6+ 64. Kb1 Qa4 65. Re7+ Kd5 66. Rd7+ Qxd7 0-1